|
|
|
|
| LEADER |
00000cam a2200000 a 4500 |
| 001 |
vtls001173188 |
| 003 |
SK-MaSNL |
| 005 |
20260311132045.0 |
| 008 |
251029s1988 xr o g 000 0 cze |
| 015 |
|
|
|a SNBA1988
|
| 035 |
|
|
|a SNK000116172
|
| 035 |
|
|
|a urn:nbn:sk:snk-amjbo5
|
| 035 |
|
|
|a urn:nbn:sk:snk-am003n97
|
| 035 |
|
|
|a EDAF8403-C28B-4560-A500-920C0FDC89E4
|
| 040 |
|
|
|a SNK
|b slo
|c SNK
|e AACR2
|
| 041 |
1 |
|
|a cze
|h und
|
| 044 |
|
|
|a xr
|c CZ
|
| 080 |
|
|
|a 323(436)"1914/1918"
|2 1981
|
| 080 |
|
|
|a 943.7"1914/1918"
|2 1981
|
| 100 |
1 |
|
|a Hotmar, Josef,
|d 1933-
|4 aut
|9 250550
|
| 245 |
1 |
0 |
|a Tajnosti parížského domu
|c Josef Hotmar ; [preložila Jozefa Heroldová]
|
| 260 |
|
|
|a Praha
|b Naše vojsko
|c 1988
|
| 300 |
|
|
|a 127, [1] s.
|b fotogr.
|c 20 cm
|
| 490 |
1 |
|
|a Magnet
|v 88
|
| 648 |
|
7 |
|a 1914-1918
|2 SNKPH
|9 289143
|
| 650 |
0 |
7 |
|a vznik štátu
|2 SNKPH
|9 59990
|
| 650 |
0 |
7 |
|a príprava
|2 SNKPH
|9 301772
|
| 651 |
|
7 |
|a Rakúsko-Uhorsko
|2 SNKPH
|9 36860
|
| 651 |
|
7 |
|a Československo
|2 SNKPH
|9 21376
|
| 655 |
|
7 |
|a monografie
|2 SNKPH
|9 70139
|
| 700 |
1 |
|
|a Heroldová, Jozefína,
|d 1923-
|4 trl
|9 203075
|
| 830 |
|
0 |
|a Magnet
|9 281726
|
| 958 |
|
|
|a EUIPO
|
| 958 |
|
|
|a OP
|
| 958 |
|
|
|a OND
|
| 999 |
|
|
|c 795849
|d 797779
|
| 952 |
|
|
|t P60, <03>, [BOOK], {603}
|a SNK
|b SNK
|y PREZ
|7 0
|o snkSD 66886
|i snkK 153/95
|0 0
|1 0
|4 0
|d 2002-03-26
|l 0
|r 2005-01-01 00:00:00
|w 2026-02-24
|
| 952 |
|
|
|t P60, <04>, [BOOK], {604}
|a SNK
|b SNK
|y VYP
|7 0
|p 17A0338172
|o snkSD 66886 D1
|i snkK 193/2002
|0 0
|1 0
|4 0
|d 2002-03-26
|f 1
|l 0
|r 2005-01-01 00:00:00
|w 2026-02-24
|
| 952 |
|
|
|a SNK
|b SNK
|y PREZ
|7 0
|p 17A1051348
|o snkSD 66886
|0 0
|1 0
|4 0
|d 2013-07-16
|l 0
|r 2026-02-24 01:51:44
|w 2026-02-24
|